<?xml version="1.0" encoding="UTF-8"?>
<marc:record xmlns:marc="http://www.loc.gov/MARC21/slim">
   <marc:leader>00000nam a2200000 a 4500</marc:leader>
   <marc:datafield ind1="1" ind2=" " tag="100">
      <marc:subfield code="a">Zerbe, Renate Maria</marc:subfield>
      <marc:subfield code="4">aut</marc:subfield>
      <marc:subfield code="e">Verfasser/-in</marc:subfield>
   </marc:datafield>
   <marc:datafield ind1=" " ind2=" " tag="653">
      <marc:subfield code="a">Jesus</marc:subfield>
   </marc:datafield>
   <marc:datafield ind1=" " ind2=" " tag="653">
      <marc:subfield code="a">Grundschule</marc:subfield>
   </marc:datafield>
   <marc:datafield ind1=" " ind2=" " tag="653">
      <marc:subfield code="a">Jesus Christus</marc:subfield>
   </marc:datafield>
   <marc:datafield ind1=" " ind2=" " tag="653">
      <marc:subfield code="a">Lehrmittel</marc:subfield>
   </marc:datafield>
   <marc:datafield ind1=" " ind2=" " tag="653">
      <marc:subfield code="a">Lapbook</marc:subfield>
   </marc:datafield>
   <marc:datafield ind1="0" ind2="0" tag="245">
      <marc:subfield code="a">Grundschulkinder auf den Spuren von Jesus</marc:subfield>
   </marc:datafield>
   <marc:datafield ind1="0" ind2="0" tag="245">
      <marc:subfield code="b">vielfältige Materialien für die 2.-4. Klasse zu Zeit, Leben, Sterben &amp; Botschaft von Jesus Christus</marc:subfield>
   </marc:datafield>
   <marc:datafield ind1=" " ind2="1" tag="264">
      <marc:subfield code="b">Auer</marc:subfield>
      <marc:subfield code="c">2019</marc:subfield>
   </marc:datafield>
   <marc:datafield ind1="1" ind2=" " tag="490">
      <marc:subfield code="a">Grundschule</marc:subfield>
   </marc:datafield>
   <marc:datafield ind1="1" ind2=" " tag="520">
      <marc:subfield code="a">Wer war Jesus Christus? Wie war das Leben zu seiner Zeit? Was bedeutet Jesus Christus für uns? Mit einer gelungenen Mischung aus handlungsorientierten Materialien und Arbeitsblättern gelingt es Ihnen, den Schülerinnen und Schülern grundlegende Kenntnisse über Jesus Christus zu vermitteln, sie zu motivieren und zur aktiven Auseinandersetzung mit dem Thema anzuregen.  Die Kinder entdecken die Bedeutung Jesu für das Christentum, lernen Jesu Botschaft und sein Wirken kennen und begeben sich auf Entdeckungsreise durch seine Zeit. Dabei wird immer an die Lebenswirklichkeit der Kinder angeknüpft. Abgerundet wird der Band durch Spiele, ein kleines Schülerlexikon zu Jesus Christus sowie Lösungen zu Arbeitsblättern. (Klappentext)</marc:subfield>
   </marc:datafield>
   <marc:datafield ind1="3" ind2=" " tag="024">
      <marc:subfield code="a">9783403081159</marc:subfield>
   </marc:datafield>
</marc:record>
